Contemporary linguistics : (Record no. 3857)

MARC details
000 -LEADER
fixed length control field 00838nam a22002657a 4500
003 - CONTROL NUMBER IDENTIFIER
control field OSt
005 - DATE AND TIME OF LATEST TRANSACTION
control field 20250729035239.0
008 - FIXED-LENGTH DATA ELEMENTS--GENERAL INFORMATION
fixed length control field 250729b |||||||| |||| 00| 0 eng d
020 ## - INTERNATIONAL STANDARD BOOK NUMBER
International Standard Book Number 978-1-319-03977-6
040 ## - CATALOGING SOURCE
Original cataloging agency DWC-Main Lib
Transcribing agency OC
082 ## - DEWEY DECIMAL CLASSIFICATION NUMBER
Classification number Res. 400 C761 2017
100 ## - MAIN ENTRY--PERSONAL NAME
Personal name Grady, William O'
245 ## - TITLE STATEMENT
Title Contemporary linguistics :
Remainder of title an introduction/
Statement of responsibility, etc. William O' Grady [and three others]
250 ## - EDITION STATEMENT
Edition statement Seventh edition
260 ## - PUBLICATION, DISTRIBUTION, ETC.
Place of publication, distribution, etc. Boston :
Name of publisher, distributor, etc. Bedford/ St. Martin's,
Date of publication, distribution, etc. c2017.
300 ## - PHYSICAL DESCRIPTION
Extent xxxiii, 636 pages :
Other physical details illustrations ;
Dimensions 24cm.
650 ## - SUBJECT ADDED ENTRY--TOPICAL TERM
Topical term or geographic name entry element 1. Linguistics.
650 ## - SUBJECT ADDED ENTRY--TOPICAL TERM
Topical term or geographic name entry element 2. Grammar, Comparative and General.
650 ## - SUBJECT ADDED ENTRY--TOPICAL TERM
Topical term or geographic name entry element 3. Phonetics.
650 ## - SUBJECT ADDED ENTRY--TOPICAL TERM
Topical term or geographic name entry element 4. Semantics.
700 ## - ADDED ENTRY--PERSONAL NAME
Personal name Archibald, John
700 ## - ADDED ENTRY--PERSONAL NAME
Personal name Arnoff, Mark
700 ## - ADDED ENTRY--PERSONAL NAME
Personal name Rees-Miller, Janie
942 ## - ADDED ENTRY ELEMENTS (KOHA)
Source of classification or shelving scheme Dewey Decimal Classification
Koha item type Book- Reserved
Edition Seventh edition
Call number prefix Res.
Suppress in OPAC No
952 ## - LOCATION AND ITEM INFORMATION (KOHA)
--
Holdings
Withdrawn status Lost status Source of classification or shelving scheme Damaged status Not for loan Home library Current library Shelving location Date acquired Source of acquisition Total Checkouts Full call number Barcode Date last seen Copy number Price effective from Koha item type Uniform Resource Identifier
    Dewey Decimal Classification     College Library College Library Reserved 10/28/2024 School Fund   Res. 400 C761 2017 54175 07/29/2025 c1 07/29/2025 BK-0 CIRC